Detalles MARC
| 000 -CABECERA |
| campo de control de longitud fija |
01818nam a22003377a 4500 |
| 001 - NÚMERO DE CONTROL |
| campo de control |
|
| 003 - IDENTIFICADOR DEL NÚMERO DE CONTROL |
| campo de control |
DO-SdBPM |
| 005 - FECHA Y HORA DE LA ÚLTIMA TRANSACCIÓN |
| campo de control |
20260120101524.0 |
| 008 - DATOS DE LONGITUD FIJA--INFORMACIÓN GENERAL |
| campo de control de longitud fija |
151005b1995 sp 00| 0 spa d |
| 040 ## - FUENTE DE LA CATALOGACIÓN |
| Centro catalogador/agencia de origen |
DO-SdBPM |
| Lengua de catalogación |
spa |
| Centro/agencia transcriptor |
BPMSU |
| Normas de descripción |
rda |
| 082 #4 - NÚMERO DE LA CLASIFICACIÓN DECIMAL DEWEY |
| Número de clasificación |
R220.91 |
| Número de documento/Ítem |
D852a 1998 |
| Número de edición |
22 |
| 100 1# - ENTRADA PRINCIPAL--NOMBRE DE PERSONA |
| Nombre de persona |
Dué, Andrea |
| Código de función/relación |
aut. |
| Término indicativo de función/relación |
autor |
| 245 00 - MENCIÓN DE TÍTULO |
| Título |
Atlas del mundo bíblico : |
| Resto del título |
culturas, vida cotidiana y tradiciones / |
| Mención de responsabilidad, etc. |
Andrea Dué : ilustraciones Paola Ravaglia, Matteo Chesi,... [y otros ] |
| 260 ## - PUBLICACIÓN, DISTRIBUCIÓN, ETC. |
| Lugar de publicación, distribución, etc. |
|
| Nombre del editor, distribuidor, etc. |
|
| Fecha de publicación, distribución, etc. |
|
| 264 ## - PRODUCCIÓN, PUBLICACIÓN, DISTRIBUCIÓN, FABRICACIÓN Y COPYRIGHT |
| Producción, publicación, distribución, fabricación y copyright |
florencia Italia : |
| Nombre del de productor, editor, distribuidor, fabricante |
Ediciones Anaya, |
| Fecha de producción, publicación, distribución, fabricación o copyright |
1998 |
| 300 ## - DESCRIPCIÓN FÍSICA |
| Extensión |
263 páginas : |
| Otras características físicas |
ilustraciones ., retratos., mapas |
| Dimensiones |
33 cm. |
| 336 ## - TIPO DE CONTENIDO |
| Término de tipo de contenido |
texto |
| Código de tipo de contenido |
txt |
| Fuente |
rdacontent |
| 337 ## - TIPO DE MEDIO |
| Nombre/término del tipo de medio |
sin mediación |
| Código del tipo de medio |
n |
| Fuente |
rdamedia |
| 338 ## - TIPO DE SOPORTE |
| Nombre/término del tipo de soporte |
volumen |
| Código del tipo de soporte |
nc |
| Fuente |
rda |
| 500 ## - NOTA GENERAL |
| Nota general |
Incluye términos y conceptos históricos |
| 505 0# - NOTA DE CONTENIDO CON FORMATO |
| Nota de contenido con formato |
Introducción -- Antes de la biblia -- La época de los patriarcas -- Plantas y animales de la biblia -- Pueblos y naciones -- Religiones del mundo bíblico -- Egipto y Canaán --El éxodo -- La tierra prometida -- La época de los reyes -- La división del reino -- Artesanía y tecnología -- Vida cotidiana en el antiguo testamento -- Babilonia y el exilio -- La biblia -- El imperio persa -- Griegos y romanos -- La vida de Jesús -- El dominio romanos -- Primeros Cristianos -- Personajes de la biblia -- La era del Islam -- Cruzados y peregrinos -- Mamelucos y otomanos --Jerusalén -- La biblia y el arte -- Israel y Oriente Medio -- Índice. |
| 590 ## - NOTA LOCAL (RLIN) |
| Nota local |
Inventariado, 2026/VM |
| 650 #7 - PUNTO DE ACCESO ADICIONAL DE MATERIA--TÉRMINO DE MATERIA |
| Término de materia o nombre geográfico como elemento de entrada |
Biblia |
| Subdivisión general |
Historia. |
| Subdivisión de forma |
|
| 650 #7 - PUNTO DE ACCESO ADICIONAL DE MATERIA--TÉRMINO DE MATERIA |
| Término de materia o nombre geográfico como elemento de entrada |
Geografía histórica. |
| 650 #7 - PUNTO DE ACCESO ADICIONAL DE MATERIA--TÉRMINO DE MATERIA |
| Término de materia o nombre geográfico como elemento de entrada |
Geografía bíblica. |
| Subdivisión de forma |
Atlas |
| 590 ## - NOTA LOCAL (RLIN) |
| Enlace (RLIN) |
Inventariado, 2026/VM |
| 700 1# - PUNTO DE ACCESO ADICIONAL--NOMBRE DE PERSONA |
| Nombre de persona |
Ravaglia, Paola |
| Término indicativo de función/relación |
ilustraciones |
| 700 1# - PUNTO DE ACCESO ADICIONAL--NOMBRE DE PERSONA |
| Nombre de persona |
Chesi, Matteo |
| Término indicativo de función/relación |
ilustraciones |
| 910 ## - DATOS DE OPCIÓN DEL USUARIO (OCLC) |
| Datos de opción del usuario |
VMateo V. Control de calidad BPMSU |
| 942 ## - ELEMENTOS DE PUNTO DE ACCESO ADICIONAL (KOHA) |
| Fuente del sistema de clasificación o colocación |
Dewey Decimal Classification |
| Tipo de ítem Koha |
Libros |